<?xml version="1.0" encoding="UTF-8"?><?xml-stylesheet type="text/xsl" href="static/style.xsl"?><OAI-PMH xmlns="http://www.openarchives.org/OAI/2.0/" xmlns:xsi="http://www.w3.org/2001/XMLSchema-instance" xsi:schemaLocation="http://www.openarchives.org/OAI/2.0/ http://www.openarchives.org/OAI/2.0/OAI-PMH.xsd"><responseDate>2026-06-02T10:38:01Z</responseDate><request verb="GetRecord" identifier="oai:riuma.uma.es:10630/32471" metadataPrefix="marc">https://riuma.uma.es/rest/oai/request</request><GetRecord><record><header><identifier>oai:riuma.uma.es:10630/32471</identifier><datestamp>2026-02-03T11:05:17Z</datestamp><setSpec>com_10630_2254</setSpec><setSpec>col_10630_37953</setSpec></header><metadata><record xmlns="http://www.loc.gov/MARC21/slim" xmlns:dcterms="http://purl.org/dc/terms/" xmlns:doc="http://www.lyncode.com/xoai" xmlns:xsi="http://www.w3.org/2001/XMLSchema-instance" xsi:schemaLocation="http://www.loc.gov/MARC21/slim http://www.loc.gov/standards/marcxml/schema/MARC21slim.xsd">
   <leader>00925njm 22002777a 4500</leader>
   <datafield ind2=" " ind1=" " tag="042">
      <subfield code="a">dc</subfield>
   </datafield>
   <datafield ind2=" " ind1=" " tag="720">
      <subfield code="a">Rodríguez Cañestro, Sheila</subfield>
      <subfield code="e">author</subfield>
   </datafield>
   <datafield ind2=" " ind1=" " tag="260">
      <subfield code="c">2023</subfield>
   </datafield>
   <datafield ind2=" " ind1=" " tag="520">
      <subfield code="a">Este artículo plantea una reflexión sobre las acciones que desde la teoría ecofeminista y la práctica artística se están proponiendo como medio de hacer frente a la actual crisis ecológica y social. Para abordar esta cuestión, se llevará a cabo un doble estudio paralelo. Por un lado, se acudirá a algunas reflexiones que autoras como Alicia H. Puleo, Yayo Herrero, Vandana Shiva o Val Plumwood han elaborado acerca del binomio cultura-naturaleza. Por otro, se analizarán las obras de cuatro pintoras figurativas europeas contemporáneas que están trabajando en torno a la inquietante extrañeza freudiana desde los presupuestos ideológicos del feminismo y el ecologismo. Se pretende así ofrecer algunas ideas acerca de la necesaria propuesta de reconstrucción sociocultural que se está planteando desde dichos ámbitos para transitar a un mundo justo y sostenible.</subfield>
   </datafield>
   <datafield ind1="8" ind2=" " tag="024">
      <subfield code="a">Rodríguez Cañestro, Sheila (2023) “Ecofeminismo y la inquietante extrañeza: pintoras figurativas europeas contemporáneas”. Revisiones. no. 13. ISSN 2173-0040</subfield>
   </datafield>
   <datafield ind1="8" ind2=" " tag="024">
      <subfield code="a">https://hdl.handle.net/10630/32471</subfield>
   </datafield>
   <datafield tag="653" ind2=" " ind1=" ">
      <subfield code="a">Pintura contemporánea</subfield>
   </datafield>
   <datafield tag="653" ind2=" " ind1=" ">
      <subfield code="a">Pintoras</subfield>
   </datafield>
   <datafield tag="653" ind2=" " ind1=" ">
      <subfield code="a">Movimiento ecologista</subfield>
   </datafield>
   <datafield tag="653" ind2=" " ind1=" ">
      <subfield code="a">Feminismo y arte</subfield>
   </datafield>
   <datafield ind2="0" ind1="0" tag="245">
      <subfield code="a">Ecofeminismo y la inquietante extrañeza: Pintoras figurativas europeas contemporáneas.</subfield>
   </datafield>
</record>
</metadata></record></GetRecord></OAI-PMH>